000
00291nam a22001337a 4500
008
170918b xxu||||| |||| 00| 0 eng d
020
_a
0870703811
041
_a
eng
080
_a
77
100
_a
44
101
_a
ART
245
_a
THE HISTORY OF PHOTOGRAPHY
_c
NEWHALL,B
942
_2
udc
_c
BK
999
_c
27865
_d
27865